Ahmed Umar : la verdad no es un escándalo = Ahmed Umar : Truth Bears No Scandal /
Catálogo de la exposición homónima montada en el Museo Universitario del Chopo, en la Ciudad de México, en 2025. Se trata de la primera exposición individual de Ahmed Umar en un museo del continente americano, quien nació en Sudán en 1988 y reside en Noruega como refugiado político desde 2008; se in...
Uloženo v:
| Hlavní autor: | |
|---|---|
| Médium: | Kniha |
| Jazyk: | španělština |
| Vydáno: |
México :
UNAM, Museo Universitario del Chopo,
2055, c2025
|
| Témata: | |
| Tagy: |
Žádné tagy, Buďte první, kdo vytvoří štítek k tomuto záznamu!
|
MARC
| LEADER | 00000nam^a2200000^a^4500 | ||
|---|---|---|---|
| 001 | 000629221 | ||
| 005 | 20260313000000.0 | ||
| 009 | 20260407175342.712 | ||
| 020 | |a 978-607-587-443-2 | ||
| 037 | |a Acervo ITESO - Biblioteca | ||
| 041 | |a ESP | ||
| 082 | |a 709. 7207 |b UMA | ||
| 100 | |a Umar, Ahmed |e (artista) | ||
| 245 | 1 | 3 | |a Ahmed Umar : |b la verdad no es un escándalo = Ahmed Umar : Truth Bears No Scandal / |c Artista A. Umar ; comp. de M.A. López. |
| 264 | 4 | |a México : |b UNAM, Museo Universitario del Chopo, |c 2055, c2025 | |
| 300 | |a 175 p. | ||
| 336 | |a texto |b txt |2 rdacontenido | ||
| 337 | |a sin mediación |b n |2 rdamedio | ||
| 338 | |a volumen |b nc |2 rdasoporte | ||
| 520 | |a Catálogo de la exposición homónima montada en el Museo Universitario del Chopo, en la Ciudad de México, en 2025. Se trata de la primera exposición individual de Ahmed Umar en un museo del continente americano, quien nació en Sudán en 1988 y reside en Noruega como refugiado político desde 2008; se incluyen imágenes de su obra y textos que exploran su práctica creativa en temas relacionados con la identidad, la religión, la espiritualidad y la liberación queer. | ||
| 521 | |a FIL 2025 DIA | ||
| 546 | |a Edición bilingüe español-inglés | ||
| 649 | |a XX | ||
| 650 | |a Artistas Sudaneses | ||
| 650 | |a Museos y Galerías - |z México (Ciudad) - |x Exposiciones - |x Catálogos - |x Tema Principal | ||
| 650 | |a Instalaciones (Arte) - |z México (Ciudad) - |x Exposiciones - |x Catálogos | ||
| 650 | |a Arte Sudanés - |z México (Ciudad) - |x Exposiciones - |x Catálogos | ||
| 650 | |a Arte Sudanés - |x Historia y Crítica | ||
| 650 | |a Arte Sudanés - |y Siglo XXI | ||
| 650 | |a Arte - |x Historia y Crítica | ||
| 650 | |a Arte - |y Siglo XXI | ||
| 650 | |a Umar, Ahmed - |x Tema Principal | ||
| 650 | |a Museo Universitario del Chopo | ||
| 910 | |a Fondo General | ||
| 920 | |a Impresos - Libros | ||
| 930 | |a Reserva Especial | ||
| 905 | |a 103 | ||
| 901 | |a 629268-10 |b IT1 |c REE |i C191577 |u 20260313 | ||
| 902 | |a https://opac.biblio.iteso.mx/vufind/Record/000629221 | ||